A study of damping properties of mortar /

Bibliographic Details
Main Author: Baker, Lester Sidney
Other Authors: Kesler, Clyde Ervin
Format: Book
Language:English
Published: [Urbana?] : Dept. of Theoretical and Applied Mechanics, University of Illinois, 1961.
Series:T. & A.M. report ; no. 598.
Subjects:

MARC

Tag First Indicator Second Indicator Subfields
LEADER 00000cam a2200000 a 4500
001 in00000072401
005 20151008053411.0
008 820125s1961 iluaf b 00010 engmd
010 |a a 62002955  
035 |a (OCoLC)08092718 
035 |9 AAH7316AM 
040 |a TXA  |c TXA  |d UtOrBLW 
049 |a TXAM  |c [1802503] 
090 |a TA349  |b .T3 no. 598 
100 1 |a Baker, Lester Sidney. 
245 1 2 |a A study of damping properties of mortar /  |c by Lester S. Baker, Clyde E. Kesler. 
264 1 |a [Urbana?] :  |b Dept. of Theoretical and Applied Mechanics, University of Illinois,  |c 1961. 
300 |a  v, 54 pages, 11 unnumbered leaves of plates :  |b illustrations ;  |c 28 cm. 
336 |a text  |b txt  |2 rdacontent 
337 |a unmediated  |b n  |2 rdamedia 
338 |a volume  |b nc  |2 rdacarrier 
490 1 |a T. & A.M. report ;  |v no. 598 
500 |a "Prepared as a part of an investigation conducted by the Engineering Experiment Station, University of Illinois, in cooperation with the Division of Highways, State of Illinois and Bureau of Public Roads, U. S. Department of Commerce." 
500 |a "Private communication, not for publication." 
500 |a Issued also as L.S. Baker's thesis (M.A.)--University of Illinois at Urbana-Champaign. 
504 |a Bibliography: page 46. 
650 0 |a Mortar  |x Testing. 
650 0 |a Damping (Mechanics) 
700 1 |a Kesler, Clyde Ervin. 
830 0 |a T. & A.M. report ;  |v no. 598. 
999 |a MARS 
999 f f |s a87eb5bf-4e2c-356f-8096-65d9000331e1  |i af73b834-2314-3f82-b86b-a86224357952  |t 0 
952 f f |p ric  |a Texas A&M University  |b Rellis Campus  |c Joint Library Facility  |d Remote Storage  |t 0  |e TA349 .T3 no.598  |h Library of Congress classification  |i unmediated -- volume  |m A14806242699 
998 f f |a TA349 .T3 no.598  |t 0  |l Remote Storage